Operations Management for Competitive Advantage/ (Record no. 789)
[ view plain ]
| 000 -LEADER | |
|---|---|
| fixed length control field | 00655nam a22002057a 4500 |
| 005 - DATE AND TIME OF LATEST TRANSACTION | |
| control field | 20241107115644.0 |
| 008 - FIXED-LENGTH DATA ELEMENTS--GENERAL INFORMATION | |
| fixed length control field | 241107b |||||||| |||| 00| 0 eng d |
| 020 ## - INTERNATIONAL STANDARD BOOK NUMBER | |
| International Standard Book Number | 9780072395303 |
| 050 ## - LIBRARY OF CONGRESS CALL NUMBER | |
| Classification number | TS155 CHA |
| 100 ## - MAIN ENTRY--PERSONAL NAME | |
| Personal name | Chase, Richard B. |
| 245 ## - TITLE STATEMENT | |
| Title | Operations Management for Competitive Advantage/ |
| Statement of responsibility, etc. | Richard B. Chase, Nicholas J. Aquilano & F. Robert Jacobs; |
| 250 ## - EDITION STATEMENT | |
| Edition statement | 9th Ed. |
| 260 ## - PUBLICATION, DISTRIBUTION, ETC. | |
| Place of publication, distribution, etc. | Boston; |
| Name of publisher, distributor, etc. | Irwin/McGraw-Hill; |
| Date of publication, distribution, etc. | 2001; |
| 300 ## - PHYSICAL DESCRIPTION | |
| Extent | xvi. 763p.; |
| Other physical details | col. ill.; |
| Dimensions | 28 cm x 22 cm |
| 500 ## - GENERAL NOTE | |
| General note | Includes Index |
| 650 ## - SUBJECT ADDED ENTRY--TOPICAL TERM | |
| Source of heading or term | Operations Management |
| 700 ## - ADDED ENTRY--PERSONAL NAME | |
| Personal name | Aquilano Nicholas J. |
| 700 ## - ADDED ENTRY--PERSONAL NAME | |
| Personal name | Jacobs F. Robert |
| 942 ## - ADDED ENTRY ELEMENTS (KOHA) | |
| Source of classification or shelving scheme | Library of Congress Classification |
| Koha item type | Books |
| Edition | 9th Ed. |
| Suppress in OPAC | No |
| 999 ## - | |
| -- | 789 |
| -- | 789 |
| Withdrawn status | Lost status | Source of classification or shelving scheme | Damaged status | Not for loan | Collection | Home library | Current library | Shelving location | Date acquired | Total checkouts | Full call number | Barcode | Date last seen | Copy number | Price effective from | Koha item type |
|---|---|---|---|---|---|---|---|---|---|---|---|---|---|---|---|---|
| Library of Congress Classification | Non-fiction | Business Library (Miotso) | Business Library (Miotso) | General stacks | 11/02/2024 | TS155 CHA | BSSM00000135 | 11/07/2024 | 1 | 11/02/2024 | Books | |||||
| Library of Congress Classification | Non-fiction | Business Library (Miotso) | Business Library (Miotso) | General stacks | 11/02/2024 | TS155 CHA | BSSM00000136 | 11/07/2024 | 2 | 11/02/2024 | Books | |||||
| Library of Congress Classification | Non-fiction | Business Library (Miotso) | Business Library (Miotso) | General stacks | 11/02/2024 | TS155 CHA | BSSM00000137 | 11/07/2024 | 3 | 11/02/2024 | Books | |||||
| Library of Congress Classification | Non-fiction | Business Library (Miotso) | Business Library (Miotso) | General stacks | 11/02/2024 | TS155 CHA | BSSM00000138 | 11/07/2024 | 4 | 11/02/2024 | Books | |||||
| Library of Congress Classification | Non-fiction | Business Library (Miotso) | Business Library (Miotso) | General stacks | 11/02/2024 | TS155 CHA | BSSM00000139 | 11/07/2024 | 5 | 11/02/2024 | Books | |||||
| Library of Congress Classification | Non-fiction | Business Library (Miotso) | Business Library (Miotso) | General stacks | 11/02/2024 | TS155 CHA | BSSM00000140 | 11/07/2024 | 6 | 11/02/2024 | Books |